000 00471nam a22001817a 4500
003 MPLRDC
005 20220104113554.0
008 210129b ||||| |||| 00| 0 eng d
020 _a957-645-191-2
082 _a857.62 JDN v.26
100 _a贾德诺
245 _a金屋藏娇的烦恼
_c周辛南译
260 _a
_b风云时代出版股份有限
_c1992
300 _b
490 _a贾氏妙探奇案. 26
650 _a推理小说
942 _cBK
_o857.62 JDN v.26
999 _c691
_d681